Regiony Czech - Quiz na mapie - Statystyki

Ogólne statystyki
  • Ten quiz został rozwiązany 566 razy
    558 od ostatniego zresetowania
  • Średni wynik to 7 z 14
Odpowiedzi na mapie
Odpowiedzi zakodowano w zielono-czerwonej skali na mapie do tego quizu, zgodnie z poniższymi procentami.
 
Statystyki odpowiedzi
Odpowiedź % Poprawnych
Praga
93%
Kraj morawsko-śląski
74%
Kraj środkowoczeski
69%
Kraj południowoczeski
61%
Kraj południowomorawski
61%
Kraj liberecki
53%
Kraj pilzneński
50%
Kraj ołomuniecki
49%
Kraj karlowarski
44%
Kraj hradecki
34%
Kraj zliński
32%
Kraj ustecki
30%
Kraj pardubicki
29%
Kraj wysoczyna
27%
Nie znaleziono quizów pasujących do podanych kryteriów
Rozkład punktacji
Procent ludzi z każdym wynikiem
Percentyl według liczby udzielonych odpowiedzi
Twoja historia wyników
Nie rozwiązałeś tego quizu od ostatniego zresetowania